[Event "Creon op 14th"]
[Site "Creon"]
[Date "2009.08.02"]
[Round "9"]
[White "Cazeaux, Didier"]
[Black "Morel, Jean Marc"]
[Result "1-0"]
[WhiteElo "1872"]
[BlackElo "1874"]
[PlyCount "77"]
[EventDate "2009.07.27"]
[EventType "swiss"]
[EventRounds "9"]
[EventCountry "FRA"]
[SourceTitle "CBM 131 Extra"]
[Source "ChessBase"]
[SourceDate "2009.09.03"]
[SourceVersion "2"]
[SourceVersionDate "2009.09.16"]
[SourceQuality "1"]

1. e4 c6 2. d4 d5 3. exd5 cxd5 4. Bf4 Nc6 5. c3 Nf6 6. Nd2 e6 7. Bd3 Bd6 8. Bg5 h6 9. Bh4 g5 10. Bg3 h5 11. Ngf3 Bxg3 12. hxg3 g4 13. Nh4 Qe7 14. 0-0 Bd7 15. Re1 0-0-0 16. b4 Qf8 17. a4 Re8 18. a5 Ne7 19. Qc2 Kb8 20. Nb3 Rc8 21. Nc5 Qe8 22. Qe2 Nf5 23. Qe5+ Ka8 24. Nxf5 Ne4 25. Bxe4 exf5 26. Nxd7 Qxe5 27. Nxe5 fxe4 28. Nxf7 Rhf8 29. Ne5 Rxc3 30. Rec1 Rfc8 31. Rxc3 Rxc3 32. Rb1 e3 33. fxe3 Rxe3 34. Kf2 Rc3 35. Re1 a6 36. Nd7 b5 37. axb6 Rc2+ 38. Re2 Rc4 39. Nc5 1-0

[Event "Creon op 14th"]
[Site "Creon"]
[Date "2009.08.01"]
[Round "8"]
[White "Morel, Jean Marc"]
[Black "Ternault, Mathieu"]
[Result "0-1"]
[WhiteElo "1874"]
[BlackElo "1962"]
[PlyCount "58"]
[EventDate "2009.07.27"]
[EventType "swiss"]
[EventRounds "9"]
[EventCountry "FRA"]
[SourceTitle "CBM 131 Extra"]
[Source "ChessBase"]
[SourceDate "2009.09.03"]
[SourceVersion "2"]
[SourceVersionDate "2009.09.16"]
[SourceQuality "1"]

1. d4 d5 2. c4 c6 3. Nc3 Nf6 4. Bg5 Ne4 5. Nxe4 dxe4 6. Qd2 Bf5 7. e3 Nd7 8. Ne2 h6 9. Bh4 g5 10. Bg3 Bg7 11. Nc3 c5 12. Nb5 0-0 13. Be2 cxd4 14. exd4 a6 15. Nc3 Rc8 16. h4 e5 17. d5 Nc5 18. hxg5 Qxg5 19. 0-0-0 Nd3+ 20. Bxd3 exd3 21. b3 b5 22. Rh4 bxc4 23. bxc4 e4 24. Bd6 Qxh4 25. c5 Rfd8 26. Bg3 Qf6 27. Kb2 Qxc3+ 28. Qxc3 Bxc3+ 29. Kxc3 Rxc5+ 0-1

[Event "Creon op 14th"]
[Site "Creon"]
[Date "2009.07.31"]
[Round "7"]
[White "Cruzel, Thierry"]
[Black "Morel, Jean Marc"]
[Result "0-1"]
[WhiteElo "1823"]
[BlackElo "1874"]
[PlyCount "58"]
[EventDate "2009.07.27"]
[EventType "swiss"]
[EventRounds "9"]
[EventCountry "FRA"]
[SourceTitle "CBM 131 Extra"]
[Source "ChessBase"]
[SourceDate "2009.09.03"]
[SourceVersion "2"]
[SourceVersionDate "2009.09.16"]
[SourceQuality "1"]

1. e4 c6 2. d4 d5 3. Nd2 dxe4 4. Nxe4 Nd7 5. Bc4 e6 6. Nf3 Ngf6 7. Ng3 Nb6 8. Bb3 Be7 9. Bg5 0-0 10. Qd2 a5 11. a4 Nbd5 12. h4 c5 13. c4 cxd4 14. 0-0 Nb4 15. Rad1 d3 16. Ne5 Ra6 17. Nxd3 Rd6 18. Bc2 Qd7 19. Bf4 Rd4 20. Be5 Rxc4 21. Nxb4 Qxd2 22. Rxd2 Bxb4 23. Re2 Rxh4 24. Rd1 b6 25. Bd6 Rd8 26. Bc7 Rxd1+ 27. Bxd1 Nd5 28. Bd8 Rd4 29. Bb3 Nf4 0-1

[Event "Pau op"]
[Site "Pau"]
[Date "2009.02.25"]
[Round "4"]
[White "Cremers, Bertrand"]
[Black "Morel, Jean Marc"]
[Result "0-1"]
[WhiteElo "1440"]
[BlackElo "1938"]
[PlyCount "94"]
[EventDate "2009.02.24"]
[EventType "swiss"]
[EventRounds "9"]
[EventCountry "FRA"]
[SourceTitle "CBM 129 Extra"]
[Source "ChessBase"]
[SourceDate "2009.05.05"]
[SourceVersion "2"]
[SourceVersionDate "2009.05.20"]
[SourceQuality "1"]

1. e4 c6 2. d4 d5 3. exd5 cxd5 4. c4 Nf6 5. Nc3 Nc6 6. Nf3 Bg4 7. Qb3 Bxf3 8. gxf3 Nxd4 9. Qa4+ Qd7 10. Qxd7+ Nxd7 11. Nb5 Nxb5 12. cxb5 e5 13. a3 Rc8 14. f4 e4 15. Be3 b6 16. Bh3 Rc4 17. Rc1 Rxc1+ 18. Bxc1 d4 19. b4 Be7 20. Bb2 Bf6 21. Kd2 Kd8 22. Rc1 Re8 23. Ba1 g5 24. Rc6 e3+ 25. Ke1 g4 26. Bxg4 Bh4 27. Rd6 exf2+ 28. Kd2 f1N+ 29. Kd3 Re3+ 30. Kc4 Re7 31. Bxd4 Nxh2 32. Bh3 Nf3 33. Ba1 Ng1 34. Bg4 Ne2 35. a4 Nxf4 36. a5 Ke8 37. Bg7 f5 38. Bh6 fxg4 39. Bxf4 Re4+ 40. Rd4 Rxd4+ 41. Kxd4 Be7 42. Kc4 h5 43. Kd5 Bxb4 44. a6 Kd8 45. Kc6 Kc8 46. Bg5 g3 47. Be3 Bc5 0-1

[Event "Pau op"]
[Site "Pau"]
[Date "2009.02.24"]
[Round "1"]
[White "Morel, Jean Marc"]
[Black "Petitcolas, Louis"]
[Result "1-0"]
[WhiteElo "1938"]
[BlackElo "1490"]
[PlyCount "67"]
[EventDate "2009.02.24"]
[EventType "swiss"]
[EventRounds "9"]
[EventCountry "FRA"]
[SourceTitle "CBM 129 Extra"]
[Source "ChessBase"]
[SourceDate "2009.05.05"]
[SourceVersion "2"]
[SourceVersionDate "2009.05.20"]
[SourceQuality "1"]

1. d4 d5 2. c4 c6 3. Nc3 Nf6 4. Bg5 e6 5. e3 Be7 6. Nf3 Qb6 7. Qc2 Nbd7 8. cxd5 cxd5 9. Bd3 Qd8 10. 0-0 0-0 11. Rfc1 h6 12. Bh4 b6 13. Nb5 Ba6 14. Qa4 Bxb5 15. Bxb5 Re8 16. Bxf6 Nxf6 17. Bxe8 Qxe8 18. Qxe8+ Rxe8 19. Rc7 a5 20. Rb7 Bd8 21. Rc1 Ne4 22. Rc8 Nd6 23. Rxd8 Rxd8 24. Rxb6 Nc4 25. Rb5 Rc8 26. Kf1 a4 27. Ke2 f6 28. Nd2 Nxd2 29. Kxd2 Kf7 30. Rb4 Ra8 31. Rb7+ Kg6 32. Rb6 Re8 33. Ra6 e5 34. Rxa4 1-0

[Event "Condom op"]
[Site "Condom"]
[Date "2008.??.??"]
[Round "1"]
[White "Simon, Olivier"]
[Black "Morel, Jean Marc"]
[Result "1-0"]
[WhiteElo "2381"]
[BlackElo "1965"]
[PlyCount "101"]
[EventDate "2008.07.12"]
[EventType "swiss"]
[EventRounds "9"]
[EventCountry "FRA"]
[SourceTitle "EXT 2009"]
[Source "ChessBase"]
[SourceDate "2008.11.26"]
[SourceVersion "1"]
[SourceVersionDate "2008.11.26"]
[SourceQuality "1"]

1. e4 c6 2. d4 d5 3. Nc3 dxe4 4. Nxe4 Bf5 5. Ng3 Bg6 6. h4 h6 7. Nf3 Nd7 8. h5 Bh7 9. Bd3 Bxd3 10. Qxd3 e6 11. Bf4 Ngf6 12. 0-0-0 Nd5 13. Bd2 Qc7 14. Kb1 Bd6 15. Ne4 Bf4 16. Qa3 c5 17. Bxf4 Nxf4 18. c4 b6 19. g3 Ne2 20. Qd3 Nxd4 21. Nxd4 cxd4 22. Qxd4 f6 23. Rhe1 Rd8 24. Nd6+ Ke7 25. Rxe6+ Kf8 26. Rde1 Kg8 27. Re7 Qc5 28. Qg4 Qg5 29. Qe6+ Kh7 30. Rxd7 Rxd7 31. Qxd7 Qxh5 32. Qf5+ Qxf5+ 33. Nxf5 Kg6 34. Ne3 h5 35. b4 h4 36. gxh4 Rxh4 37. Rg1+ Kh5 38. Rxg7 Rf4 39. Rg2 Kh4 40. Kc2 Kh3 41. Kd3 f5 42. Rg3+ Kh2 43. Rg5 Rxf2 44. Rxf5 Rxa2 45. Rf2+ Rxf2 46. Ng4+ Kg2 47. Nxf2 a5 48. bxa5 bxa5 49. c5 a4 50. c6 a3 51. Kc3 1-0

[Event "Creon op 11th"]
[Site "Creon"]
[Date "2006.08.05"]
[Round "8"]
[White "Le Huec, Marc"]
[Black "Morel, Jean Marc"]
[Result "1-0"]
[WhiteElo "2206"]
[BlackElo "1989"]
[PlyCount "67"]
[EventDate "2006.07.31"]
[EventType "swiss"]
[EventRounds "9"]
[EventCountry "FRA"]
[SourceTitle "CBM 113 Extra"]
[Source "ChessBase"]
[SourceDate "2006.09.14"]
[SourceVersion "1"]
[SourceVersionDate "2006.09.14"]
[SourceQuality "1"]

1. c4 c6 2. d4 d5 3. Nc3 Nf6 4. e3 e6 5. Nf3 Bd6 6. Bd3 0-0 7. 0-0 dxc4 8. Bxc4 b5 9. Bb3 Bb7 10. e4 b4 11. e5 bxc3 12. bxc3 Nd5 13. exd6 Nxc3 14. Qd3 Nd5 15. Ba3 Ba6 16. Bc4 Nf4 17. Qc2 Qa5 18. Bc5 Bxc4 19. Qxc4 Nd7 20. g3 Nd5 21. Rab1 Rab8 22. Ne5 Nxe5 23. dxe5 Rb5 24. Bd4 Rfb8 25. Rb3 Nb4 26. Bc3 Qb6 27. a4 Rc5 28. Qxb4 Qxb4 29. Rxb4 Rxb4 30. Bxb4 Rd5 31. Rc1 f6 32. Rxc6 fxe5 33. Rc7 a5 34. d7 1-0

[Event "Condom op 4th"]
[Site "Condom"]
[Date "2005.07.10"]
[Round "3"]
[White "Marciniak, Gerard"]
[Black "Morel, Jean Marc"]
[Result "1-0"]
[WhiteElo "2154"]
[BlackElo "2040"]
[PlyCount "43"]
[EventDate "2005.07.09"]
[EventType "swiss"]
[EventRounds "9"]
[EventCountry "FRA"]
[SourceTitle "CBM 107 Extra"]
[Source "ChessBase"]
[SourceDate "2005.09.01"]
[SourceVersion "1"]
[SourceVersionDate "2005.09.01"]
[SourceQuality "1"]

1. d4 d5 2. Nf3 Nf6 3. c4 c6 4. Nc3 dxc4 5. a4 Bf5 6. Ne5 e6 7. f3 h6 8. e4 Bh7 9. Bxc4 Nbd7 10. Qb3 Nxe5 11. dxe5 Nd7 12. Bf4 Nc5 13. Qc2 Qb6 14. Be3 Rd8 15. 0-0 Be7 16. Nb5 0-0 17. a5 Nxe4 18. axb6 Nd2 19. Qxd2 Rxd2 20. Bxd2 cxb5 21. bxa7 Ra8 22. Bxb5 1-0

[Event "Ile et Vilaine-ch"]
[Site "Ile et Vilaine"]
[Date "2003.05.25"]
[Round "5"]
[White "Morel, Jean Marc"]
[Black "Fournel, Didier"]
[Result "0-1"]
[WhiteElo "1510"]
[BlackElo "1560"]
[PlyCount "72"]
[EventDate "2002.10.19"]
[EventType "swiss"]
[EventRounds "7"]
[EventCountry "FRA"]
[SourceTitle "EXT 2008"]
[Source "ChessBase"]
[SourceDate "2007.11.25"]
[SourceVersion "1"]
[SourceVersionDate "2007.11.25"]
[SourceQuality "1"]

1. Nf3 Nf6 2. g3 b6 3. Bg2 Bb7 4. 0-0 e6 5. d3 Be7 6. e4 d6 7. Nbd2 c5 8. Nc4 Nc6 9. Re1 Qc7 10. b3 h6 11. Bb2 e5 12. Ne3 g6 13. c4 Bf8 14. Bc1 0-0-0 15. Nh4 Kb8 16. Nc2 Bg7 17. Qd2 Bc8 18. f4 exf4 19. gxf4 Ng4 20. Rb1 Nd4 21. h3 Qe7 22. Nf3 Nxf3+ 23. Bxf3 Nf6 24. Qg2 Qd7 25. f5 gxf5 26. exf5 Qxf5 27. Ba8 Qd7 28. Bf3 Rhg8 29. Kh2 Nh7 30. Qf1 Be5+ 31. Rxe5 dxe5 32. Bg4 Qxd3 33. Bb2 Qxc2+ 34. Be2 Qe4 35. Re1 Qf4+ 36. Kh1 Bb7+ 0-1

[Event "Paris Apsap op 39th"]
[Site "Paris"]
[Date "2003.02.16"]
[Round "7"]
[White "Jaquin, Xavier"]
[Black "Morel, Jean Marc"]
[Result "1-0"]
[WhiteElo "1670"]
[BlackElo "1670"]
[PlyCount "73"]
[EventDate "2003.02.23"]
[EventType "swiss"]
[EventRounds "7"]
[EventCountry "FRA"]
[SourceTitle "EXT 2004"]
[Source "ChessBase"]
[SourceDate "2003.11.25"]
[SourceVersion "1"]
[SourceVersionDate "2003.11.25"]
[SourceQuality "1"]

1. e4 e5 2. Nf3 Nc6 3. Bb5 d6 4. c3 Bd7 5. 0-0 Nf6 6. Re1 Be7 7. d4 a6 8. Ba4 b5 9. Bb3 Bg4 10. d5 Na5 11. Bc2 0-0 12. Nbd2 h6 13. Nf1 Nh7 14. h3 Bh5 15. Ng3 Bg6 16. b3 c5 17. b4 cxb4 18. cxb4 Nc4 19. Bb3 Rc8 20. a4 Ng5 21. Nxg5 Bxg5 22. axb5 axb5 23. Qe2 Bh4 24. Qg4 Bxg3 25. Qxg3 Qe8 26. f4 f5 27. exf5 Rxf5 28. fxe5 Nxe5 29. Bf4 Kh7 30. Re3 Qd8 31. Bxe5 dxe5 32. Rxe5 Qc7 33. Re3 Qb6 34. Kh2 Rd8 35. Re6 Rg5 36. Rxb6 Rxg3 37. Kxg3 1-0

[Event "Ile et Vilaine-ch"]
[Site "Ile et Vilaine"]
[Date "2003.02.15"]
[Round "6"]
[White "Le Guillerm, Bruno"]
[Black "Morel, Jean Marc"]
[Result "0-1"]
[WhiteElo "1470"]
[BlackElo "1510"]
[PlyCount "24"]
[EventDate "2002.10.19"]
[EventType "swiss"]
[EventRounds "7"]
[EventCountry "FRA"]
[SourceTitle "EXT 2008"]
[Source "ChessBase"]
[SourceDate "2007.11.25"]
[SourceVersion "1"]
[SourceVersionDate "2007.11.25"]
[SourceQuality "1"]

1. e4 e5 2. Nf3 Nc6 3. Bc4 Bc5 4. c3 Nf6 5. d4 exd4 6. e5 Qe7 7. 0-0 Ng4 8. cxd4 Nxd4 9. Nxd4 Qh4 10. Nf3 Nxf2 11. Qd5 Ne4+ 12. Kh1 Ng3# 0-1

[Event "Creon op 7th"]
[Site "Creon"]
[Date "2002.08.03"]
[Round "8"]
[White "Morel, Jean Marc"]
[Black "Leygue, Dominique"]
[Result "0-1"]
[WhiteElo "2062"]
[BlackElo "2256"]
[PlyCount "76"]
[EventDate "2002.07.29"]
[EventType "swiss"]
[EventRounds "9"]
[EventCountry "FRA"]
[SourceTitle "CBM 089 Extra"]
[Source "ChessBase"]
[SourceDate "2002.09.10"]
[SourceVersion "2"]
[SourceVersionDate "2002.09.10"]
[SourceQuality "1"]

1. d4 Nf6 2. Bg5 e6 3. e4 c5 4. e5 h6 5. Bxf6 gxf6 6. Nf3 cxd4 7. Qxd4 Nc6 8. Qh4 Be7 9. Qh5 fxe5 10. Nbd2 Qc7 11. c3 d6 12. Ne4 d5 13. Neg5 Bf6 14. Nh3 e4 15. Nd2 e5 16. Be2 Be6 17. Bg4 Qd7 18. Bxe6 Qxe6 19. 0-0-0 0-0-0 20. Qe2 Bg7 21. Qb5 a6 22. Qb6 Rd6 23. Nb3 Nd4 24. Qa7 Nxb3+ 25. axb3 Rc6 26. Rhe1 Kc7 27. f4 d4 28. Kb1 Qxb3 29. Rc1 d3 30. Qf2 f5 31. g4 Rc4 32. gxf5 Ra4 33. Qc5+ Kb8 34. Qd6+ Ka8 35. Qe6 Qxe6 36. fxe6 d2 37. Red1 dxc1Q+ 38. Kxc1 Ra1+ 0-1

[Event "Creon op 7th"]
[Site "Creon"]
[Date "2002.07.30"]
[Round "4"]
[White "Gilles, Raphael"]
[Black "Morel, Jean Marc"]
[Result "1/2-1/2"]
[WhiteElo "2200"]
[BlackElo "2062"]
[PlyCount "101"]
[EventDate "2002.07.29"]
[EventType "swiss"]
[EventRounds "9"]
[EventCountry "FRA"]
[SourceTitle "CBM 089 Extra"]
[Source "ChessBase"]
[SourceDate "2002.09.10"]
[SourceVersion "2"]
[SourceVersionDate "2002.09.10"]
[SourceQuality "1"]

1. d4 d5 2. Nf3 c6 3. Bf4 Nf6 4. c3 Bg4 5. Nbd2 e6 6. h3 Bh5 7. e3 Bd6 8. Bxd6 Qxd6 9. Qb3 Qc7 10. Bd3 Nbd7 11. 0-0 0-0 12. c4 Rfc8 13. Rac1 Qb6 14. Qxb6 Nxb6 15. cxd5 cxd5 16. b3 Nbd7 17. g4 Bg6 18. Bxg6 hxg6 19. b4 Kf8 20. Nb3 Ne4 21. Nc5 Ndxc5 22. bxc5 f6 23. Rc2 Rc7 24. Rfc1 Rac8 25. Ne1 b6 26. f3 Ng5 27. h4 Nf7 28. cxb6 Rxc2 29. Rxc2 Rxc2 30. Nxc2 axb6 31. Kf2 Nd6 32. Ke2 Ke7 33. Kd3 Kd7 34. Nb4 Kc7 35. e4 dxe4+ 36. fxe4 f5 37. gxf5 gxf5 38. e5 Nf7 39. Ke3 b5 40. Kf4 g6 41. d5 exd5 42. Nxd5+ Kd7 43. e6+ Kxe6 44. Nc7+ Kf6 45. Nxb5 g5+ 46. hxg5+ Nxg5 47. a4 Ne6+ 48. Kf3 Ke5 49. a5 Nc5 50. Nc7 Kd6 51. Ne8+ 1/2-1/2